000 00853cab a2200229 4500
001 WB2335-16
008 090401t1987 xxu||||| |||| 00| 0 eng d
035 _a(Sirsi) u82378
041 _aeng
245 _aStatutory tenancies
260 _c1987
350 _a0
490 _aEstates Gazette
_v283(6349) 29/8/87 p965
520 _aDiscusses the question of security of tenure when there is a break up in the matrimonial home, and in particular the case Hall v King (See WB2325-25), where the wife separated from her husband did not have security of tenure.
650 _aMATRIMONIAL HOMES ACT 1983
650 _aPROTECTED TENANT
650 _aPROPERTY-RESIDENTIAL PROPERTY-RESIDENTIAL LANDLORD AND TENANT-RESIDENTIAL TENANCIES
650 _aSTATUTORY TENANCIES
690 _aLandlord and tenant
_96252
942 _n0
948 _c04/03/1997
999 _c51998
_d51998